000 00467cam a2200181ua 4500
041 _aeng
_h
082 _a821
_bGOR/AN
100 _aGordon, R K .
245 _aAnglo saxon poetry /
_cR K Gordon.
_hTextual Documents
260 _aLondon :
_bJ M Dent and Sons Ltd ,
_c1962.
300 _a334 ; .
440 0 _aEveryman`s Library,
_v794
_x;
490 0 _aEveryman`s Library,
_v794
_x;
504 _a
942 _cBK
999 _c4990
_d4990